000 00482nam a2200205Ia 4500
003 OSt
005 20251209162947.0
008 210210b1992 xxu||||| |||| 00| 0 eng d
020 _a0863113176
040 _cAL
082 _a791.43 RAYO
100 _aSatyajit Ray
_9248541
245 _aOur films their films
260 _aHyderabad
_bOrient Longman Ltd
_c1992
300 _a219p
650 _aFilms
_9248542
690 _aCinema
_9248543
906 _a046639
942 _2ddc
_cBK
999 _c95755
_d95755